000 00419nam a2200181Ia 4500
001 3996
005 20260306145723.0
008 260306t2015||||xx |||||||||||||| ||spa||
041 _aESP
082 _a306.2
_bB28 2015
100 _aBauman, Zygmunt
_eAUT
245 0 _aEn busca de la política
260 _c2015
300 _a218 páginas :
_c23 cm.
650 _aGEN
654 _aCHU
942 _cLIB
_dJUS
_fJUS
_2ddc
_n
999 _c3996
_d3996